000
00321 a2200157 4500
001
161675
020
_a
040
_c
Magnum
100
_a
Fernandes, Luiz
240
1
0
_a
Eu queria ter um ponei
_l
por
245
1
0
_a
Eu queria ter um ponei
362
0
_a
1899
440
1
_a
Ediouro
697
_a
IJ/GERAL
942
_c
BK
999
_c
161675
_d
161675